ការថែរក្សាបង្គាស្រស់មុនពេលបង្កក (Record no. 3535)

000 -LEADER
fixed length control field 00483nam a22001577a 4500
003 - CONTROL NUMBER IDENTIFIER
control field OSt
005 - DATE AND TIME OF LATEST TRANSACTION
control field 20151117150008.0
008 - FIXED-LENGTH DATA ELEMENTS--GENERAL INFORMATION
fixed length control field 151117b xxu||||| |||| 00| 0 eng d
040 ## - CATALOGING SOURCE
Transcribing agency RUA
082 ## - DEWEY DECIMAL CLASSIFICATION NUMBER
Classification number FIS ហុង​ 1991 B145 Or.1
100 ## - MAIN ENTRY--PERSONAL NAME
9 (RLIN) 3802
Personal name ហុង សុម៉ាល័យ
245 ## - TITLE STATEMENT
Title ការថែរក្សាបង្គាស្រស់មុនពេលបង្កក
260 ## - PUBLICATION, DISTRIBUTION, ETC. (IMPRINT)
Place of publication, distribution, etc. Phnom Penh
Name of publisher, distributor, etc. RUA
Date of publication, distribution, etc. 1991
300 ## - PHYSICAL DESCRIPTION
Extent 86p.
Other physical details ill.
Dimensions 29cm.
942 ## - ADDED ENTRY ELEMENTS (KOHA)
Source of classification or shelving scheme
Koha item type FIS
Holdings
Price effective from Date last seen Permanent Location Not for loan Date acquired Source of classification or shelving scheme Koha item type Barcode Lost status Damaged status Shelving location Withdrawn status Current Location Full call number
2015-11-172015-11-17Library Block B 2015-11-17 FISRUA037605  B145 Library Block BFIS ហុង​ 1991 B145 Or.1
2015-11-172015-11-17Library Block B 2015-11-17 FISRUA012400  B145 Library Block BFIS ហុង​ 1991 B145 Or.2
2015-11-172015-11-17Library Block B 2015-11-17 FISRUA012473  B145 Library Block BFIS ហុង​ 1991 B145 Or.3
មជ្ឈមណ្ឌលឯការនៃសាកលវិទ្យាល័យភូមិន្ទកសិកម្មចំការដូង

Powered by Koha